ロード中...

Studies on synthesis, structure and luminescence properties of orthorhombic based solid oxides La2Mo2O7: xEu3= for phosphor applications

書誌詳細
第一著者: Gayathri Murali
出版事項: Dept. of Physics, University of Kerala 2018
主題:
LEADER 00610nam a2200193 4500
020
082 |a THE-MSc18 463 
100 |a Gayathri Murali 
245 |a Studies on synthesis, structure and luminescence properties of orthorhombic based solid oxides La2Mo2O7: xEu3= for phosphor applications 
250
260 |a Dept. of Physics, University of Kerala  |c 2018 
300
490
500
590
650 |a Dr.Sibi.K.S 
942 |c THESIS 
999 |c 87441  |d 87441 
952 |0 0  |1 0  |4 0  |6 THE_MSC18_463_000000000000000  |7 0  |9 100909  |a PHY  |b PHY  |l 0  |o THE-MSc18 463  |p PHYxx829  |r 2019-09-24  |w 2019-09-24  |y THESIS